Online Catalogue and eLibrary

India 'We Tamils' and Sri Lanka (Record no. 4454)

MARC details
000 -LEADER
fixed length control field 00509nam a2200205Ia 4500
005 - DATE AND TIME OF LATEST TRANSACTION
control field 20250325024144.0
008 - FIXED-LENGTH DATA ELEMENTS--GENERAL INFORMATION
fixed length control field 240331s9999 xx 000 0 und d
020 ## - INTERNATIONAL STANDARD BOOK NUMBER
ISBN 817030136X
082 ## - DDC Classification
Item Number - Author Mark IND
DDC Edition Number 6166
Class No. 948
245 #0 - TITLE STATEMENT
Title India 'We Tamils' and Sri Lanka
260 ## - PUBLICATION, DISTRIBUTION, ETC.
Place of publication, distribution, etc. Delhi,
Name of publisher, distributor, etc. Sri Satguru Publications
Date of publication, distribution, etc. 1987
300 ## - PHYSICAL DESCRIPTION
Extent (e.g. Volumes, Pages etc.) 224 p.,
650 ## - SUBJECT ADDED ENTRY--TOPICAL TERM
Topical term or geographic name entry element Tamil
650 ## - SUBJECT ADDED ENTRY--TOPICAL TERM
Topical term or geographic name entry element Politics
650 ## - SUBJECT ADDED ENTRY--TOPICAL TERM
Topical term or geographic name entry element Government
650 ## - SUBJECT ADDED ENTRY--TOPICAL TERM
Topical term or geographic name entry element Federalism
700 ## - ADDED ENTRY--PERSONAL NAME
Personal name Piyasena, S
Relator term (Role) Editor
700 ## - ADDED ENTRY--PERSONAL NAME
Personal name Sendheera, R. Y
Relator term (Role) Editor
942 ## - Koha item type (Biblio)
Koha item type Books in Stacks (Lending)
Holdings
Lost status Damaged status Collection code Home library Current library Shelving location Date acquired Full call number Accession Number Item type
    Lending WERC Library WERC Library Social Science Cupboard 03/31/2024 948 IND 6166 Books in Stacks (Lending)

© WERC Library